000
00310nam a22001337a 4500
008
170728b xxu||||| |||| 00| 0 eng d
020
_a
9780195384222
041
_a
eng
080
_a
004
100
_a
31
101
_a
SHK
245
_a
THE ESSENTIALS OF TECHNICAL COMMUNICATION
_c
TEBEAUX,E
942
_2
udc
_c
BK
999
_c
22122
_d
22122